| 000 | 00626nam a22002057a 4500 | ||
|---|---|---|---|
| 999 |
_c11620 _d11620 |
||
| 003 | AR-CdUCM | ||
| 008 | 190404b ||||| |||| 00| 0 spa d | ||
| 040 |
_aMUNICIPALIDAD PROVINCIAL DEL CUSCO _cBIBLIOTECA MUNICIPAL DEL CUSCO |
||
| 082 |
_a869.56 / _bC793C / 1953 |
||
| 100 |
_aCorcuera, Arturo _94604 |
||
| 245 | _aCantoral / | ||
| 260 |
_aLima : _bCuadernos Trimestrales de poesia, _c1953. |
||
| 300 |
_a39 páginas ; _c21 cm. |
||
| 505 | _aContenido: Cantoral. | ||
| 650 |
_aPoesías Peruanas _914867 |
||
| 650 |
_aLiteratura Peruana _9132 |
||
| 650 |
_aSiglo XX _98 |
||
| 942 |
_2ddc _cLIBROS |
||
| 945 |
_acmm _d2019-04-04 |
||